[Event "TeamRussiamenrapid"]
[Site "?"]
[Date "2016.10.05"]
[Round "4.15"]
[White "Uzhva, Andrey"]
[Black "Matinian, Nikita"]
[Result "1/2-1/2"]
[LiveChessVersion "1.4.4"]
[BlackElo "2493"]
[WhiteElo "2264"]

1. d4 {[%clk 0:15:19]} Nf6 {[%clk 0:15:18]} 2. Nf3 {[%clk 0:15:27]} g6
{[%clk 0:15:23]} 3. g3 {[%clk 0:15:33]} Bg7 {[%clk 0:15:32]} 4. c4
{[%clk 0:15:41]} O-O {[%clk 0:15:38]} 5. Bg2 {[%clk 0:15:51]} d6 {[%clk 0:15:47]}
6. O-O {[%clk 0:15:57]} Nc6 {[%clk 0:15:56]} 7. Nc3 {[%clk 0:15:52]} a6
{[%clk 0:16:05]} 8. e3 {[%clk 0:15:30]} e5 {[%clk 0:16:13]} 9. b3
{[%clk 0:14:44]} Re8 {[%clk 0:15:45]} 10. dxe5 {[%clk 0:14:24]} dxe5
{[%clk 0:15:54]} 11. Ba3 {[%clk 0:13:38]} Bf5 {[%clk 0:15:35]} 12. Nd5
{[%clk 0:12:55]} Be4 {[%clk 0:13:21]} 13. Ne1 {[%clk 0:10:23]} Bxg2
{[%clk 0:13:17]} 14. Kxg2 {[%clk 0:10:09]} e4 {[%clk 0:13:04]} 15. Rc1
{[%clk 0:08:46]} Ne5 {[%clk 0:12:21]} 16. Bb2 {[%clk 0:07:34]} c6
{[%clk 0:11:44]} 17. Bxe5 {[%clk 0:05:00]} Rxe5 {[%clk 0:11:52]} 18. Nxf6+
{[%clk 0:04:56]} Qxf6 {[%clk 0:11:54]} 19. Qe2 {[%clk 0:04:11]} h5
{[%clk 0:11:05]} 20. Rd1 {[%clk 0:03:21]} h4 {[%clk 0:10:51]} 21. g4
{[%clk 0:03:16]} Qe6 {[%clk 0:09:47]} 22. h3 {[%clk 0:02:49]} f5 {[%clk 0:09:45]}
23. Nc2 {[%clk 0:01:55]} c5 {[%clk 0:09:31]} 24. f4 {[%clk 0:01:44]} exf3+
{[%clk 0:09:39]} 25. Qxf3 {[%clk 0:01:53]} Rf8 {[%clk 0:08:46]} 26. Rd5
{[%clk 0:00:37]} b5 {[%clk 0:08:13]} 27. Rxe5 {[%clk 0:00:27]} Qxe5
{[%clk 0:08:10]} 28. Qd5+ {[%clk 0:00:37]} Qxd5+ {[%clk 0:08:19]} 29. cxd5
{[%clk 0:00:46]} Rd8 {[%clk 0:08:18]} 30. Rd1 {[%clk 0:00:50]} Kf7
{[%clk 0:08:22]} 31. Kf3 {[%clk 0:00:55]} Kf6 {[%clk 0:06:56]} 32. gxf5
{[%clk 0:01:02]} gxf5 {[%clk 0:07:04]} 33. e4 {[%clk 0:00:40]} Bh6
{[%clk 0:07:13]} 34. d6 {[%clk 0:00:25]} fxe4+ {[%clk 0:07:17]} 35. Kxe4
{[%clk 0:00:35]} Ke6 {[%clk 0:07:20]} 36. Rd5 {[%clk 0:00:43]} Bf8
{[%clk 0:05:29]} 37. Rxc5 {[%clk 0:00:47]} Bxd6 {[%clk 0:05:38]} 38. Nd4+
{[%clk 0:00:52]} Kd7 {[%clk 0:05:37]} 39. Rh5 {[%clk 0:01:01]} Bg3
{[%clk 0:05:36]} 40. a4 {[%clk 0:01:05]} bxa4 {[%clk 0:05:44]} 41. bxa4
{[%clk 0:01:14]} Bf2 {[%clk 0:05:41]} 42. Rh7+ {[%clk 0:01:06]} Kd6
{[%clk 0:05:32]} 43. Rh6+ {[%clk 0:01:08]} Kd7 {[%clk 0:05:24]} 44. Rxa6 Rg8
{[%clk 0:05:04]} 45. Nf5 {[%clk 0:01:20]} Rg1 {[%clk 0:05:07]} 46. Rd6+
{[%clk 0:01:21]} Kc7 {[%clk 0:05:16]} 47. Rd2 {[%clk 0:01:25]} Bg3
{[%clk 0:05:13]} 48. Kf3 {[%clk 0:01:11]} Rf1+ {[%clk 0:05:19]} 49. Kg4
{[%clk 0:01:20]} Rf4+ {[%clk 0:05:27]} 50. Kg5 {[%clk 0:01:29]} Rxa4
{[%clk 0:05:35]} 51. Nxg3 {[%clk 0:01:24]} hxg3 {[%clk 0:05:44]} 52. h4
{[%clk 0:01:23]} Ra5+ {[%clk 0:05:54]} 53. Kg6 {[%clk 0:01:29]} Ra6+
{[%clk 0:06:03]} 54. Kg7 {[%clk 0:01:35]} Ra4 {[%clk 0:06:11]} 55. Rg2
{[%clk 0:01:36]} Rg4+ {[%clk 0:06:18]} 56. Kf6 {[%clk 0:01:44]} Rxh4
{[%clk 0:06:27]} 57. Rxg3 {[%clk 0:00:38]} 1/2-1/2

[Event "TeamRussiamenrapid"]
[Site "?"]
[Date "2016.10.05"]
[Round "4.16"]
[White "Vastrukhin, Oleg"]
[Black "Ivlev, Aleksey"]
[Result "1-0"]
[LiveChessVersion "1.4.4"]
[BlackElo "2207"]
[WhiteElo "2456"]

1. Nf3 {[%clk 0:15:18]} d5 {[%clk 0:15:18]} 2. g3 {[%clk 0:15:27]} g6
{[%clk 0:15:25]} 3. Bg2 {[%clk 0:15:36]} Bg7 {[%clk 0:15:34]} 4. O-O
{[%clk 0:15:43]} e5 {[%clk 0:15:43]} 5. c4 {[%clk 0:15:52]} d4 {[%clk 0:15:45]}
6. e3 {[%clk 0:15:54]} Nc6 {[%clk 0:15:50]} 7. exd4 {[%clk 0:15:53]} exd4
{[%clk 0:15:59]} 8. b4 {[%clk 0:15:32]} d3 {[%clk 0:15:45]} 9. Nc3
{[%clk 0:15:38]} Nxb4 {[%clk 0:13:08]} 10. Ba3 {[%clk 0:14:28]} a5
{[%clk 0:12:28]} 11. Nd5 {[%clk 0:12:54]} Ne7 {[%clk 0:11:05]} 12. Nxe7
{[%clk 0:12:52]} Qxe7 {[%clk 0:11:03]} 13. Qb3 {[%clk 0:11:24]} O-O
{[%clk 0:10:22]} 14. Rae1 {[%clk 0:11:33]} Qc5 {[%clk 0:10:26]} 15. Bb2
{[%clk 0:09:17]} a4 {[%clk 0:09:04]} 16. Qa3 {[%clk 0:09:26]} Na6
{[%clk 0:08:12]} 17. Qxc5 {[%clk 0:09:30]} Nxc5 {[%clk 0:08:17]} 18. Ba3
{[%clk 0:09:35]} b6 {[%clk 0:08:26]} 19. Ne5 {[%clk 0:09:42]} Ra6
{[%clk 0:08:01]} 20. Bd5 {[%clk 0:09:14]} Be6 {[%clk 0:06:22]} 21. Bxe6
{[%clk 0:09:06]} fxe6 {[%clk 0:06:31]} 22. Bxc5 {[%clk 0:09:15]} bxc5
{[%clk 0:06:35]} 23. Nd7 {[%clk 0:09:24]} Rd8 {[%clk 0:06:27]} 24. Nxc5
{[%clk 0:09:32]} Rc6 {[%clk 0:06:10]} 25. Nxe6 {[%clk 0:09:41]} Rb8
{[%clk 0:05:23]} 26. Nxg7 Kxg7 {[%clk 0:05:32]} 27. Re3 {[%clk 0:09:33]} Rxc4
{[%clk 0:05:33]} 28. Rxd3 {[%clk 0:09:42]} Rb2 {[%clk 0:05:39]} 29. a3
{[%clk 0:09:37]} Rcc2 {[%clk 0:05:28]} 30. Rd7+ {[%clk 0:09:46]} Kh6
{[%clk 0:05:35]} 31. Kg2 {[%clk 0:09:51]} Rxd2 {[%clk 0:04:19]} 32. Rxc7
{[%clk 0:09:57]} Ra2 {[%clk 0:04:22]} 33. h4 {[%clk 0:10:01]} Rxa3
{[%clk 0:04:01]} 34. Re1 {[%clk 0:09:48]} Rd8 {[%clk 0:03:16]} 35. g4
{[%clk 0:09:42]} Rh8 {[%clk 0:03:07]} 36. Ree7 {[%clk 0:09:40]} Rb3
{[%clk 0:02:55]} 37. f3 {[%clk 0:09:48]} 1-0

[Event "TeamRussiamenrapid"]
[Site "?"]
[Date "2016.10.05"]
[Round "4.17"]
[White "Sychev, Klementy"]
[Black "Derjabin, Ilja"]
[Result "1-0"]
[LiveChessVersion "1.4.4"]
[BlackElo "2341"]
[WhiteElo "2510"]

1. e4 {[%clk 0:15:19]} e6 {[%clk 0:15:14]} 2. d4 {[%clk 0:15:22]} d5
{[%clk 0:15:22]} 3. Nd2 {[%clk 0:15:30]} Nf6 {[%clk 0:15:30]} 4. e5
{[%clk 0:15:38]} Ne4 {[%clk 0:15:38]} 5. Bd3 {[%clk 0:14:55]} Nxd2
{[%clk 0:15:39]} 6. Bxd2 {[%clk 0:15:03]} c5 {[%clk 0:15:48]} 7. dxc5
{[%clk 0:13:18]} Bxc5 {[%clk 0:15:54]} 8. Qg4 {[%clk 0:13:26]} g6
{[%clk 0:14:59]} 9. Nf3 {[%clk 0:13:34]} Nc6 {[%clk 0:14:49]} 10. O-O
{[%clk 0:12:20]} Bd7 {[%clk 0:14:36]} 11. b4 {[%clk 0:10:39]} Be7
{[%clk 0:14:39]} 12. a3 {[%clk 0:10:07]} f5 {[%clk 0:12:00]} 13. Qg3
{[%clk 0:08:54]} O-O {[%clk 0:11:18]} 14. c4 {[%clk 0:08:33]} a6 {[%clk 0:09:35]}
15. cxd5 {[%clk 0:06:19]} exd5 {[%clk 0:09:44]} 16. Rfe1 {[%clk 0:06:14]} Be6
{[%clk 0:09:50]} 17. Bh6 {[%clk 0:05:55]} Rf7 {[%clk 0:09:36]} 18. Ng5
{[%clk 0:05:33]} Bxg5 {[%clk 0:09:43]} 19. Bxg5 {[%clk 0:05:42]} Qe8
{[%clk 0:09:30]} 20. h4 {[%clk 0:05:09]} Rd7 {[%clk 0:09:11]} 21. Bf6
{[%clk 0:05:14]} Kf7 {[%clk 0:06:49]} 22. Rac1 {[%clk 0:04:59]} Qf8
{[%clk 0:06:48]} 23. Qf4 {[%clk 0:04:28]} Ne7 {[%clk 0:06:36]} 24. h5
{[%clk 0:04:28]} d4 {[%clk 0:04:25]} 25. Qh4 {[%clk 0:04:15]} Qh6
{[%clk 0:03:12]} 26. hxg6+ {[%clk 0:01:50]} Qxg6 {[%clk 0:03:16]} 27. Be2
{[%clk 0:01:57]} Kf8 {[%clk 0:02:51]} 28. Bh5 {[%clk 0:02:05]} Qh6
{[%clk 0:02:58]} 29. Bg5 {[%clk 0:01:54]} Qg7 {[%clk 0:03:07]} 30. Rcd1
{[%clk 0:01:30]} Ng6 {[%clk 0:03:04]} 31. Bxg6 {[%clk 0:01:28]} Qxg6
{[%clk 0:03:09]} 32. Rd3 {[%clk 0:01:08]} f4 {[%clk 0:01:44]} 33. Qxf4+
{[%clk 0:00:23]} Rf7 {[%clk 0:01:52]} 34. Qg3 {[%clk 0:00:31]} h6
{[%clk 0:00:57]} 35. Bh4 {[%clk 0:00:16]} Qxg3 {[%clk 0:01:01]} 36. Bxg3
{[%clk 0:00:23]} Rd7 {[%clk 0:00:36]} 37. Red1 {[%clk 0:00:32]} Rad8
{[%clk 0:00:37]} 38. Bh4 Rc8 39. Rxd4 {[%clk 0:00:46]} Rxd4 {[%clk 0:00:55]} 40.
Rxd4 {[%clk 0:00:55]} Rc3 {[%clk 0:00:55]} 41. Rd6 {[%clk 0:00:14]} Kf7
{[%clk 0:01:04]} 42. Rb6 {[%clk 0:00:21]} Bd5 {[%clk 0:00:54]} 43. Rxh6
{[%clk 0:00:23]} Rxa3 {[%clk 0:01:00]} 44. Rf6+ {[%clk 0:00:17]} Kg7
{[%clk 0:01:10]} 45. Rd6 {[%clk 0:00:25]} Bc6 {[%clk 0:00:56]} 46. e6
{[%clk 0:00:30]} Ra1+ {[%clk 0:00:27]} 47. Kh2 {[%clk 0:00:39]} Re1
{[%clk 0:00:35]} 48. f3 {[%clk 0:00:39]} Bb5 {[%clk 0:00:23]} 49. e7
{[%clk 0:00:44]} Re2 {[%clk 0:00:28]} 50. Bg5 {[%clk 0:00:41]} Kf7
{[%clk 0:00:28]} 51. Rd8 {[%clk 0:00:21]} Be8 {[%clk 0:00:37]} 52. Kg3
{[%clk 0:00:24]} b6 {[%clk 0:00:39]} 53. Rd6 {[%clk 0:00:30]} a5 {[%clk 0:00:48]}
54. Rf6+ {[%clk 0:00:32]} Kg7 {[%clk 0:00:57]} 55. Rxb6 {[%clk 0:00:37]} a4
{[%clk 0:01:06]} 56. Ra6 {[%clk 0:00:27]} Kf7 {[%clk 0:01:05]} 57. Kh3
{[%clk 0:00:25]} Rb2 {[%clk 0:00:55]} 58. g4 {[%clk 0:00:16]} Rxb4
{[%clk 0:00:35]} 59. Rf6+ {[%clk 0:00:23]} Kg7 {[%clk 0:00:44]} 60. Rf8
{[%clk 0:00:27]} Rb8 {[%clk 0:00:48]} 61. Bf6+ {[%clk 0:00:31]} Kh7
{[%clk 0:00:55]} 62. f4 {[%clk 0:00:29]} a3 {[%clk 0:00:39]} 63. f5
{[%clk 0:00:36]} 1-0

[Event "TeamRussiamenrapid"]
[Site "?"]
[Date "2016.10.05"]
[Round "4.18"]
[White "Iljin, Timofey"]
[Black "Zakhartsov, Vladimir"]
[Result "1-0"]
[LiveChessVersion "1.4.4"]
[BlackElo "2463"]
[WhiteElo "2464"]

1. d4 {[%clk 0:15:19]} Nf6 {[%clk 0:15:19]} 2. c4 {[%clk 0:15:28]} e6
{[%clk 0:15:20]} 3. Nc3 {[%clk 0:15:36]} Bb4 {[%clk 0:15:29]} 4. e3
{[%clk 0:15:45]} O-O {[%clk 0:15:33]} 5. Bd3 {[%clk 0:15:41]} c5 {[%clk 0:15:15]}
6. Nf3 {[%clk 0:15:32]} Bxc3+ {[%clk 0:14:42]} 7. bxc3 {[%clk 0:15:40]} d6
{[%clk 0:14:46]} 8. e4 {[%clk 0:15:38]} cxd4 {[%clk 0:13:11]} 9. cxd4
{[%clk 0:15:45]} e5 {[%clk 0:13:20]} 10. O-O {[%clk 0:13:36]} Bg4
{[%clk 0:12:50]} 11. Bb2 {[%clk 0:11:40]} Nc6 {[%clk 0:12:30]} 12. d5
{[%clk 0:11:30]} Nd4 {[%clk 0:12:34]} 13. Bxd4 {[%clk 0:10:01]} exd4
{[%clk 0:08:51]} 14. Re1 {[%clk 0:09:16]} Nd7 {[%clk 0:08:23]} 15. Be2
{[%clk 0:09:02]} Bxf3 {[%clk 0:08:25]} 16. Bxf3 Qf6 {[%clk 0:08:24]} 17. Qd2
{[%clk 0:08:53]} Nc5 {[%clk 0:07:43]} 18. Rad1 {[%clk 0:07:51]} d3
{[%clk 0:07:42]} 19. e5 {[%clk 0:08:01]} dxe5 {[%clk 0:07:38]} 20. Qe3
{[%clk 0:08:10]} Qd6 {[%clk 0:06:49]} 21. Qxe5 {[%clk 0:08:06]} Rad8
{[%clk 0:06:55]} 22. Qxd6 {[%clk 0:07:21]} Rxd6 {[%clk 0:07:04]} 23. Be4
{[%clk 0:07:10]} Ra6 {[%clk 0:07:04]} 24. Bxd3 {[%clk 0:07:02]} Rxa2
{[%clk 0:07:09]} 25. Bb1 {[%clk 0:06:22]} Rb2 {[%clk 0:06:41]} 26. d6
{[%clk 0:05:37]} Rd8 {[%clk 0:06:48]} 27. Rd5 {[%clk 0:04:56]} b6
{[%clk 0:06:45]} 28. Bf5 {[%clk 0:04:09]} g6 {[%clk 0:06:42]} 29. Bh3
{[%clk 0:04:18]} Kf8 {[%clk 0:06:25]} 30. g3 {[%clk 0:04:07]} a5 {[%clk 0:06:18]}
31. d7 {[%clk 0:02:57]} f5 {[%clk 0:05:53]} 32. Bxf5 {[%clk 0:03:05]} gxf5
{[%clk 0:04:06]} 33. Rxf5+ {[%clk 0:03:15]} Kg7 {[%clk 0:04:11]} 34. Re7+
{[%clk 0:03:23]} Kg6 {[%clk 0:04:19]} 35. Rff7 {[%clk 0:03:33]} Ne6
{[%clk 0:02:12]} 36. h4 {[%clk 0:03:42]} h5 {[%clk 0:01:58]} 37. g4
{[%clk 0:03:51]} Re2 {[%clk 0:01:31]} 38. g5 {[%clk 0:03:14]} Re1+
{[%clk 0:01:11]} 39. Kh2 {[%clk 0:03:15]} Nxg5 {[%clk 0:00:44]} 40. Rg7+
{[%clk 0:03:16]} Kf5 {[%clk 0:00:38]} 41. Rxg5+ {[%clk 0:03:20]} 1-0

[Event "TeamRussiamenrapid"]
[Site "?"]
[Date "2016.10.05"]
[Round "4.19"]
[White "Kovalev, Egor"]
[Black "Kurbedinov, Ramis"]
[Result "1/2-1/2"]
[LiveChessVersion "1.4.4"]
[BlackElo "2249"]
[WhiteElo "2289"]

1. Nf3 {[%clk 0:15:19]} c5 {[%clk 0:15:17]} 2. e4 {[%clk 0:15:21]} Nc6
{[%clk 0:15:24]} 3. d4 {[%clk 0:15:30]} cxd4 {[%clk 0:15:30]} 4. Nxd4
{[%clk 0:15:38]} e5 {[%clk 0:15:35]} 5. Nb5 {[%clk 0:15:47]} a6 {[%clk 0:15:41]}
6. Nd6+ {[%clk 0:15:55]} Bxd6 {[%clk 0:15:49]} 7. Qxd6 {[%clk 0:16:03]} Qe7
{[%clk 0:15:46]} 8. Qd1 {[%clk 0:16:09]} Nf6 {[%clk 0:15:35]} 9. Nc3
{[%clk 0:16:16]} h6 {[%clk 0:14:38]} 10. Be2 {[%clk 0:16:12]} O-O
{[%clk 0:14:12]} 11. O-O {[%clk 0:16:18]} d6 {[%clk 0:14:18]} 12. Be3
{[%clk 0:15:00]} Be6 {[%clk 0:12:02]} 13. Nd5 {[%clk 0:14:42]} Bxd5
{[%clk 0:11:56]} 14. exd5 {[%clk 0:14:51]} Nb8 {[%clk 0:11:53]} 15. c4
{[%clk 0:14:06]} Nbd7 {[%clk 0:12:01]} 16. b4 {[%clk 0:14:06]} Rfc8
{[%clk 0:11:06]} 17. Qb3 {[%clk 0:13:53]} Rc7 {[%clk 0:09:33]} 18. Rfd1
{[%clk 0:14:00]} b6 {[%clk 0:08:31]} 19. Rac1 {[%clk 0:13:53]} a5
{[%clk 0:08:25]} 20. a3 {[%clk 0:13:57]} axb4 {[%clk 0:08:08]} 21. axb4
{[%clk 0:14:03]} Qd8 {[%clk 0:07:49]} 22. Ra1 {[%clk 0:13:20]} Rca7
{[%clk 0:07:51]} 23. Qb2 {[%clk 0:13:22]} Qc7 {[%clk 0:07:32]} 24. h3
{[%clk 0:12:15]} Ra4 {[%clk 0:06:46]} 25. Rxa4 {[%clk 0:11:19]} Rxa4
{[%clk 0:06:55]} 26. Ra1 {[%clk 0:11:28]} Qa7 {[%clk 0:06:53]} 27. Rxa4
{[%clk 0:11:36]} Qxa4 {[%clk 0:07:03]} 28. Kh2 {[%clk 0:11:36]} h5
{[%clk 0:05:42]} 29. Qb1 {[%clk 0:11:01]} Qa3 {[%clk 0:05:27]} 30. Bd1
{[%clk 0:10:42]} Qc3 {[%clk 0:05:02]} 31. Qb3 {[%clk 0:10:38]} Qe1
{[%clk 0:05:03]} 32. Bc2 {[%clk 0:10:37]} e4 {[%clk 0:04:50]} 33. Bd4
{[%clk 0:09:50]} h4 {[%clk 0:04:12]} 34. Qc3 {[%clk 0:09:50]} Qf1
{[%clk 0:03:00]} 35. Ba4 {[%clk 0:09:46]} Ne5 {[%clk 0:02:58]} 36. Bxe5
{[%clk 0:05:33]} dxe5 {[%clk 0:03:06]} 37. Qd2 {[%clk 0:05:41]} Qxc4
{[%clk 0:02:42]} 38. d6 {[%clk 0:05:49]} b5 {[%clk 0:02:47]} 39. Bc2
{[%clk 0:05:33]} Qc6 {[%clk 0:02:38]} 40. Bd1 {[%clk 0:03:30]} Qd7
{[%clk 0:01:59]} 41. Bg4 {[%clk 0:03:15]} Nxg4+ {[%clk 0:02:03]} 42. hxg4
{[%clk 0:03:23]} f6 {[%clk 0:01:48]} 43. Qd5+ {[%clk 0:03:23]} Kf8
{[%clk 0:01:54]} 44. Kh3 {[%clk 0:02:12]} g5 {[%clk 0:02:01]} 45. Kh2
{[%clk 0:02:13]} Kg7 {[%clk 0:02:04]} 46. Kg1 {[%clk 0:02:20]} Kf8
{[%clk 0:02:02]} 47. Kf1 {[%clk 0:02:25]} Kg7 {[%clk 0:01:24]} 48. Ke1
{[%clk 0:02:23]} Kf8 {[%clk 0:01:32]} 49. Kd2 {[%clk 0:01:17]} Kg7
{[%clk 0:01:39]} 50. Ke3 {[%clk 0:01:21]} Kf8 {[%clk 0:01:47]} 51. Qc5
{[%clk 0:01:09]} Kf7 {[%clk 0:01:03]} 52. Qc7 {[%clk 0:01:14]} Ke6
{[%clk 0:01:08]} 53. Kxe4 {[%clk 0:01:05]} Qxd6 {[%clk 0:01:07]} 54. Qc8+
{[%clk 0:01:12]} Kf7 {[%clk 0:00:45]} 55. Qb7+ {[%clk 0:01:07]} Kg6
{[%clk 0:00:52]} 56. Qxb5 {[%clk 0:01:06]} Qd4+ {[%clk 0:00:55]} 57. Kf3
{[%clk 0:01:15]} Qf4+ {[%clk 0:01:00]} 58. Ke2 {[%clk 0:01:24]} Qxg4+
{[%clk 0:01:09]} 59. Ke1 {[%clk 0:01:23]} Qxg2 {[%clk 0:00:42]} 60. Qe8+
{[%clk 0:01:29]} Kg7 {[%clk 0:00:38]} 61. Qe7+ {[%clk 0:01:35]} Kg6
{[%clk 0:00:48]} 62. Qe8+ {[%clk 0:01:44]} Kg7 {[%clk 0:00:49]} 1/2-1/2

[Event "TeamRussiamenrapid"]
[Site "?"]
[Date "2016.10.05"]
[Round "4.20"]
[White "Papenin, Nikolai"]
[Black "Severina, Maria"]
[Result "1-0"]
[LiveChessVersion "1.4.4"]
[BlackElo "2226"]
[WhiteElo "2334"]

1. d4 {[%clk 0:15:19]} Nf6 {[%clk 0:15:19]} 2. c4 {[%clk 0:15:28]} e6
{[%clk 0:15:28]} 3. Nc3 {[%clk 0:15:36]} Bb4 {[%clk 0:15:37]} 4. Bg5
{[%clk 0:15:37]} h6 {[%clk 0:15:21]} 5. Bh4 {[%clk 0:15:46]} O-O {[%clk 0:15:13]}
6. Nf3 {[%clk 0:15:23]} b6 {[%clk 0:15:08]} 7. e3 {[%clk 0:14:50]} Bb7
{[%clk 0:15:00]} 8. Bd3 {[%clk 0:14:54]} d6 {[%clk 0:14:29]} 9. O-O
{[%clk 0:14:58]} Bxc3 {[%clk 0:14:38]} 10. bxc3 {[%clk 0:15:07]} Nbd7
{[%clk 0:14:25]} 11. Nd2 {[%clk 0:14:20]} e5 {[%clk 0:14:22]} 12. f4
{[%clk 0:14:26]} exf4 {[%clk 0:14:02]} 13. exf4 {[%clk 0:14:27]} Re8
{[%clk 0:13:41]} 14. d5 {[%clk 0:11:12]} Nc5 {[%clk 0:12:05]} 15. Bc2
{[%clk 0:11:18]} Re3 {[%clk 0:11:58]} 16. Rf3 {[%clk 0:10:18]} Re8
{[%clk 0:09:38]} 17. g4 {[%clk 0:08:39]} c6 {[%clk 0:08:56]} 18. g5
{[%clk 0:07:08]} hxg5 {[%clk 0:06:53]} 19. fxg5 {[%clk 0:06:28]} Nfd7
{[%clk 0:05:14]} 20. Rxf7 {[%clk 0:05:45]} Rf8 {[%clk 0:03:08]} 21. Qh5
{[%clk 0:04:08]} Rxf7 {[%clk 0:03:02]} 22. Qh7+ {[%clk 0:03:23]} Kf8
{[%clk 0:03:10]} 23. Qh8+ {[%clk 0:03:09]} Ke7 {[%clk 0:03:14]} 24. Re1+
{[%clk 0:02:51]} Ne5 {[%clk 0:03:21]} 25. g6+ {[%clk 0:03:01]} Kd7
{[%clk 0:03:18]} 26. Bxd8 {[%clk 0:03:06]} Rxd8 {[%clk 0:03:27]} 27. Qh3+
{[%clk 0:03:12]} 1-0

[Event "TeamRussiamenrapid"]
[Site "?"]
[Date "2016.10.05"]
[Round "5.1"]
[White "Dubov, Daniil"]
[Black "Bologan, Victor"]
[Result "1-0"]
[LiveChessVersion "1.4.4"]
[BlackElo "2569"]
[WhiteElo "2690"]

1. d4 {[%clk 0:15:19]} Nf6 {[%clk 0:15:19]} 2. c4 {[%clk 0:15:27]} e6
{[%clk 0:15:26]} 3. g3 {[%clk 0:15:31]} Nc6 {[%clk 0:15:00]} 4. Bg2
{[%clk 0:15:13]} Bb4+ {[%clk 0:15:04]} 5. Bd2 {[%clk 0:15:06]} Qe7
{[%clk 0:15:09]} 6. Nf3 {[%clk 0:15:11]} Bxd2+ {[%clk 0:15:14]} 7. Nbxd2
{[%clk 0:14:35]} O-O {[%clk 0:15:17]} 8. O-O {[%clk 0:14:16]} d6 {[%clk 0:15:19]}
9. e4 {[%clk 0:13:38]} a5 {[%clk 0:15:26]} 10. d5 {[%clk 0:13:24]} Nd8
{[%clk 0:13:14]} 11. e5 {[%clk 0:12:25]} dxe5 {[%clk 0:13:07]} 12. Nxe5
{[%clk 0:12:31]} exd5 {[%clk 0:12:07]} 13. Re1 {[%clk 0:12:40]} Be6
{[%clk 0:08:23]} 14. cxd5 {[%clk 0:11:35]} Nxd5 {[%clk 0:08:29]} 15. Nb3
{[%clk 0:10:42]} c6 {[%clk 0:08:09]} 16. Nd4 {[%clk 0:10:33]} Qb4
{[%clk 0:06:52]} 17. a3 {[%clk 0:10:12]} Qb6 {[%clk 0:06:37]} 18. Nxe6
{[%clk 0:09:24]} fxe6 {[%clk 0:06:36]} 19. Qe2 {[%clk 0:09:31]} Qc7
{[%clk 0:06:30]} 20. Bh3 {[%clk 0:09:37]} Rf6 {[%clk 0:06:11]} 21. Rad1
{[%clk 0:09:11]} Kh8 {[%clk 0:06:09]} 22. Rd4 {[%clk 0:08:32]} Rh6
{[%clk 0:05:56]} 23. Bg2 {[%clk 0:06:46]} Rf6 {[%clk 0:04:41]} 24. Rh4
{[%clk 0:06:18]} g5 {[%clk 0:04:28]} 25. Rh5 {[%clk 0:06:15]} Qg7
{[%clk 0:04:35]} 26. Ng4 {[%clk 0:05:24]} Rf7 {[%clk 0:03:44]} 27. Be4
{[%clk 0:03:19]} Nf6 {[%clk 0:03:47]} 28. Nxf6 {[%clk 0:03:08]} Qxf6
{[%clk 0:03:56]} 29. Qc2 {[%clk 0:03:13]} Qe7 {[%clk 0:03:24]} 30. Qc3+
{[%clk 0:02:35]} Kg8 {[%clk 0:03:23]} 31. Bb1 {[%clk 0:02:32]} Rg7
{[%clk 0:03:04]} 32. Rh6 {[%clk 0:02:35]} b5 {[%clk 0:02:49]} 33. Ba2
{[%clk 0:02:19]} b4 {[%clk 0:02:52]} 34. Qd3 {[%clk 0:02:05]} Kh8
{[%clk 0:02:38]} 35. Rd1 {[%clk 0:02:05]} a4 {[%clk 0:02:12]} 36. axb4
{[%clk 0:02:11]} Qxb4 {[%clk 0:02:06]} 37. Bb1 {[%clk 0:01:41]} Qe7
{[%clk 0:02:14]} 38. Qc3 {[%clk 0:01:42]} Kg8 {[%clk 0:02:07]} 39. Ba2
{[%clk 4:14:22]} Kh8 {[%clk 0:02:06]} 40. Bb1 {[%clk 0:01:41]} Kg8
{[%clk 0:02:13]} 41. Re1 {[%clk 0:01:47]} a3 {[%clk 0:02:09]} 42. bxa3
{[%clk 0:01:39]} Rxa3 {[%clk 0:02:05]} 43. Qb2 {[%clk 0:01:40]} Ra7
{[%clk 0:02:00]} 44. Ba2 {[%clk 0:01:47]} Qa3 {[%clk 0:00:43]} 45. Rhxe6
{[%clk 0:00:59]} Nxe6 {[%clk 0:00:20]} 46. Bxe6+ {[%clk 0:00:44]} Rgf7
{[%clk 0:00:15]} 47. Qf6 {[%clk 0:00:45]} Qc5 {[%clk 0:00:14]} 48. Bxf7+
{[%clk 0:00:40]} Rxf7 {[%clk 0:00:23]} 49. Re8+ {[%clk 0:00:49]} Rf8
{[%clk 0:00:29]} 50. Rxf8+ Qxf8 {[%clk 0:00:38]} 51. Qxg5+ {[%clk 0:01:07]} Kh8
{[%clk 0:00:34]} 52. Qe5+ {[%clk 0:01:16]} Kg8 {[%clk 0:00:42]} 53. Qe6+
{[%clk 0:01:24]} Kg7 {[%clk 0:00:44]} 54. Qd7+ {[%clk 0:01:31]} Kg8
{[%clk 0:00:52]} 55. Qxc6 {[%clk 0:01:39]} Qb4 {[%clk 0:00:53]} 56. Qd5+
{[%clk 0:01:41]} Kg7 {[%clk 0:01:01]} 57. Kg2 {[%clk 0:01:50]} Qb2
{[%clk 0:00:56]} 58. h4 {[%clk 0:01:57]} Qa1 {[%clk 0:00:57]} 59. Qg5+
{[%clk 0:02:01]} Kf7 {[%clk 0:01:05]} 60. Qf4+ {[%clk 0:02:04]} Kg7
{[%clk 0:01:13]} 61. h5 {[%clk 0:02:12]} Qa8+ {[%clk 0:01:12]} 62. Qf3
{[%clk 0:02:08]} Qa5 {[%clk 0:01:20]} 63. g4 {[%clk 0:02:04]} Qc5
{[%clk 0:01:08]} 64. Qe3 {[%clk 0:02:07]} Qc6+ {[%clk 0:01:13]} 65. Kg3
{[%clk 0:01:54]} Qc7+ {[%clk 0:01:22]} 66. f4 {[%clk 0:01:51]} Qc4
{[%clk 0:00:53]} 67. Qe5+ {[%clk 0:01:54]} Kf7 {[%clk 0:00:38]} 68. Qf5+
{[%clk 0:02:02]} Ke8 {[%clk 0:00:33]} 69. Qe5+ {[%clk 0:01:25]} Kf7
{[%clk 0:00:39]} 70. h6 {[%clk 0:01:23]} Qd3+ {[%clk 0:00:20]} 71. Kh4
{[%clk 0:01:29]} Qd8+ {[%clk 0:00:15]} 72. Qg5 {[%clk 0:01:30]} Qd1
{[%clk 0:00:13]} 73. Qg7+ {[%clk 0:01:30]} Ke8 {[%clk 0:00:19]} 1-0